Sports Quiz

Random Sports Quiz
Score 0/10 Timer 10:00
0 Plays Today
NONE Answer % Correct
USC
75%
Alabama
66.7%
Oklahoma
58.3%
Florida
58.3%
Texas
58.3%
Georgia
41.7%
Louisville
33.3%
Texas A&M
33.3%
Baylor
33.3%
Auburn
25%

You're not logged in!

Compare scores with friends on all Sporcle quizzes.
OR
Log In

Sporcle TV

Today on Sporcle TV


Watch our educational content, quiz creation guides, and fun videos on Sporcle TV.

Show Comments

Extras

Created Jun 26, 2019ReportNominate
Tags:none, team, Winner

Top Quizzes Today


Score Distribution

Paid Content

Your Account Isn't Verified!

In order to create a playlist on Sporcle, you need to verify the email address you used during registration. Go to your Sporcle Settings to finish the process.

Report this User

Report this user for behavior that violates our Community Guidelines.

Details: